00503nam a2200157Ia 4500008004100000020001600041040002600057082001900083245003000102260004700132942001900179952010900198999001700307003000400324005001700328241127s9999||||xx |||||||||||||| ||und|| a1282635c00 bengcSSK Libraryerda a338.966906/JUR 0aJurnal Akademik May, 2004 b Universiti Teknologi Mara Sarawakc©2004 22ddccBOOKnNo 00104070aSSHQbSSHQd2024-11-27l0o338.966906/JURp1003565r2024-11-27 13:57:08t4w2024-11-27yBOOK c11258d11258OSt20241127152847.0